| 000 | 00572nam a22001337a 4500 | ||
|---|---|---|---|
| 040 | _cRUA | ||
| 082 | _aLMA MIN 2015 B529 Or.1 | ||
| 100 | _aMIN CHANDARA; មិន ចាន់ដារ៉ា | ||
| 245 | _aStudy on establishment of the topography map in royal university of agriculture; សិក្សាពីការកសាងប្លង់ឋានលេខានៅសាកលវិទ្យាល័យភូមិន្ទកសិកម្ម | ||
| 260 |
_aPhnom Penh _bRUA _c2015 |
||
| 300 |
_ax; 57p; _bill; _c29cm; |
||
| 856 | _uMIN CHANDARA | ||
| 942 | _cLMA | ||
| 999 |
_c10825 _d10825 |
||